000 00407cam a2200169ua 4500
001 10232
008 171023n ii |||gr||||Z||||||asm
040 _cMAIN
041 _aasm
082 _a891.4514
100 _aThakuria, Rammal,
_eAuthor.
245 _aSahitya bichar
_cBy Rammal Thakuria
260 _aGuwahati:
_bBina library,
_c2014.
300 _a152p.
653 _aAssamese literature
942 _cBK
999 _c9229
_d9229